| 000 | 00517nam a2200181 i 4500 | ||
|---|---|---|---|
| 001 | 49011 | ||
| 003 | ES-MaACL | ||
| 005 | 20240131063029.0 | ||
| 007 | t| | ||
| 008 | 030704s1970 sp ||||1| cat d | ||
| 100 | 1 |
_aCoromines, Joan, _d1905-1997 _940667 |
|
| 245 | 1 | 3 |
_aEl que s'ha de saber de la llengua catalana / _cJoan Coromines. |
| 250 | _a4ยช ed. | ||
| 260 |
_aPalma de Mallorca : _bMoll, _c1970. |
||
| 300 |
_a141 p. ; _c15 cm. |
||
| 852 |
_aES-MaACL _jC-48720 _bR.73530 |
||
| 999 |
_c49011 _d49011 |
||